The Cambridge companion to electronic music /

Bibliographic Details
Other Authors: Collins, Nick (Nicholas) (Editor), Escrivan Rincón, Julio d', 1957- (Editor)
Format: Book
Language:English
Published: Cambridge, United Kingdom ; New York : Cambridge University Press, 2017.
Edition:Second edition.
Series:Cambridge companions to music.
Subjects:

MARC

Tag First Indicator Second Indicator Subfields
LEADER 00000cam a2200000 i 4500
001 in00003938708
005 20180122133453.0
008 170710s2017 enka b 001 0 eng
010 |a  2017032914 
035 |a (OCoLC)ocn993600645 
040 |a DLC  |b eng  |e rda  |c DLC  |d OCLCO  |d OCLCA  |d OCLCF  |d CUS  |d OCLCQ  |d YDX  |d OCLCO  |d RES  |d NLE 
015 |a GBB7E4090  |2 bnb 
016 7 |a 018467921  |2 Uk 
020 |a 9781107133556  |q hardback  |q alkaline paper 
020 |a 1107133556  |q hardback  |q alkaline paper 
020 |a 9781107590021  |q paperback 
020 |a 1107590027  |q paperback 
024 8 |a 40027801286 
035 |a (OCoLC)993600645 
042 |a pcc 
050 0 0 |a ML1380  |b .C36 2017 
082 0 0 |a 786.7  |2 23 
049 |a TXAM 
245 0 4 |a The Cambridge companion to electronic music /  |c edited by Nick Collins, Julio d'Escriván. 
250 |a Second edition. 
264 1 |a Cambridge, United Kingdom ;  |a New York :  |b Cambridge University Press,  |c 2017. 
300 |a xxiv, 330 pages :  |b illustrations ;  |c 25 cm. 
336 |a text  |b txt  |2 rdacontent 
336 |a still image  |b sti  |2 rdacontent 
337 |a unmediated  |b n  |2 rdamedia 
338 |a volume  |b nc  |2 rdacarrier 
490 1 |a Cambridge companions to music 
504 |a Includes bibliographical references and index. 
505 0 |a The origins of electronic music / Andrew Hugill -- Electronic music and the studio / Margaret Schedel -- Live electronic music / Nicolas Collins -- A history of programming and music / Ge Wang -- Interactivity and live computer music / Sergi Jordà -- Algorithmic composition / Karlheinz Essl -- Live audiovisuals / Amy Alexander and Nick Collins -- Network music / Julian Rohrhuber -- Electronic music and the moving image / Julio d'Escriván -- Computer generation and manipulation of sounds / Stefania Serafin -- Trends in electroacoustic music / Natasha Barrett -- Electronic sound art and aesthetic experience / Adinda van 't Klooster -- DIY and maker communities in electronic music / John Richards -- Extending the instrumental sound world using electronics / Monty Adkins -- The analysis of electronic music / Mary Simoni. 
650 0 |a Electronic music  |x History and criticism. 
650 0 |a Computer music  |x History and criticism. 
650 7 |a Computer music.  |2 fast  |0 (OCoLC)fst00872274 
650 7 |a Electronic music.  |2 fast  |0 (OCoLC)fst00907363 
655 7 |a Criticism, interpretation, etc.  |2 fast  |0 (OCoLC)fst01411635 
700 1 |a Collins, Nick  |q (Nicholas),  |e editor. 
700 1 |a Escrivan Rincón, Julio d',  |d 1957-  |e editor. 
830 0 |a Cambridge companions to music. 
945 |b 394118 
947 |a A14850267379 
994 |a 92  |b TXA 
948 |a Cataloged  |b h  |c 2018/01/22  |d c  |e TMinier  |f 01:34:43 PM 
999 f f |s 2168c1ca-f2d0-303a-ae3d-f3d2405a4a8c  |i 0c6bedb4-e1c6-3d33-a690-33c57d608a6a  |t 0 
952 f f |p normal  |a Texas A&M University  |b College Station  |c Sterling C. Evans Library  |d Evans: Library Stacks  |t 0  |e ML1380 .C36 2017  |h Library of Congress classification  |i unmediated -- volume  |m A14850267379 
998 f f |a ML1380 .C36 2017  |t 0  |l Evans: Library Stacks